Only Fools and Horses Episodes - Statistics

General Stats
  • This quiz has been taken 518 times
  • The average score is 33 of 64
Answer Stats
Series Answer % Correct
Series 1 Big Brother 1981
86%
Specials The Jolly Boys’ Outing 1989
82%
Specials To Hull And Back 1985
77%
Specials Time On Our Hands 1996
75%
Series 1 Cash And Curry 1981
71%
Specials Diamonds Are For Heather 1982
71%
Specials Dates 1988
69%
Specials Rodney Come Home 1990
67%
Series 6 Danger UXD 1989
66%
Series 1 Go West Young Man 1981
65%
Series 6 Yuppy Love 1989
65%
Specials Modern Men 1996
63%
Series 1 A Slow Bus To Chingford 1981
62%
Series 1 The Russians Are Coming 1981
62%
Series 3 Friday The 14th 1983
61%
Specials Sleepless In Peckham 2003
61%
Series 6 Chain Gang 1989
60%
Series 2 The Yellow Peril 1982
59%
Specials If They Could See Us Now 2001
58%
Specials The Frog’s Legacy 1987
58%
Specials A Royal Flush 1986
57%
Specials Christmas Crackers 1981
57%
Specials Heroes And Villains 1996
56%
Specials Fatal Extraction 1993
55%
Series 4 Hole In One 1985
55%
Specials Mother Nature’s Son 1992
55%
Series 2 A Touch Of Glass 1982
54%
Series 4 Strained Relations 1985
54%
Specials Strangers On The Shore 2002
53%
Series 2 The Long Legs Of The Law 1982
53%
Series 3 Who’s A Pretty Boy? 1983
51%
Series 5 Who Wants To Be A Millionaire? 1986
50%
Series 5 From Prussia With Love 1986
49%
Series 5 Tea For Three 1986
49%
Series 1 The Second Time Around 1981
49%
Series 6 The Unlucky Winner Is… 1989
48%
Specials Miami Twice ({Oh} {To} {Be} {In} {England}) 1991
47%
Series 2 A Losing Streak 1982
46%
Series 2 Ashes To Ashes 1982
46%
Series 5 The Longest Night 1986
46%
Series 7 He Ain’t Heavy, He’s My Uncle 1991
45%
Series 7 The Class Of ‘62 1991
45%
Specials Thicker Than Water 1983
45%
Series 7 Three Men, A Woman And A Baby 1991
45%
Series 5 Video Nasty 1986
45%
Series 5 The Miracle Of Peckham 1986
44%
Series 3 Wanted 1983
43%
Series 3 Healthy Competition 1983
42%
Series 3 Homesick 1983
42%
Series 7 Stage Fright 1991
42%
Series 7 The Chance Of A Lunchtime 1991
42%
Series 2 It Never Rains… 1982
41%
Series 4 As One Door Closes 1985
40%
Series 6 Little Problems 1989
40%
Series 4 Sleeping Dogs Lie 1985
40%
Series 4 It’s Only Rock And Roll 1985
38%
Specials Miami Twice ({The} {American} {Dream}) 1991
38%
Series 6 Sickness And Wealth 1989
37%
Series 7 The Sky’s The Limit 1990
36%
Series 4 Watching The Girls Go By 1985
36%
Series 4 Happy Returns 1985
34%
Series 3 May The Force Be With You 1983
33%
Series 3 Yesterday Never Comes 1983
32%
Series 2 No Greater Love 1982
31%
No matching quizzes found
Score Distribution
Percent of People with Each Score
Percentile by Number Answered
Your Score History
You have not taken this quiz